Statistics for Laika Films

Click here to take the quiz!

General Stats

  • This quiz has been taken 38 times
  • The average score is 4 of 5

Answer Stats

YearTitle% Correct
2009Coraline
100%
2012ParaNorman
96%
2014The Boxtrolls
92%
2016Kubo and the Two Strings
81%
2019Missing Link
69%

Score Distribution

Percentile by Number Answered

Percent of People with Each Score

Your Score History

You have not taken this quiz